| 000 | 00727nam a22002057a 4500 | ||
|---|---|---|---|
| 999 |
_c11246 _d11246 |
||
| 003 | AR-CdUCM | ||
| 008 | 190403b ||||| |||| 00| 0 spa d | ||
| 040 |
_aMUNICIPALIDAD PROVINCIAL DEL CUSCO _cBIBLIOTECA MUNICIPAL DEL CUSCO |
||
| 082 |
_a323.33 / _bT23 / |
||
| 100 |
_aTasin, N. _928516 |
||
| 245 |
_aLa dictadura del proletariado : _bSegun Marx, Engels, Kaustsky, Bernstein, Axelrod, Lenin, Trotzki y Baüer / |
||
| 260 |
_aMadrid : _bBiblioteca nueva, |
||
| 300 |
_a240 páginas ; _c18 cm. |
||
| 505 | _aContenido : Marx -- Engels -- Carlos Kautski -- Eduardo Bernstein ... | ||
| 650 |
_aBiografías _9148 |
||
| 650 |
_aPensadores _92285 |
||
| 650 |
_aEl proletariado _94374 |
||
| 942 |
_2ddc _cLIBROS |
||
| 945 | _arah | ||